000 01042nam a2200217Ia 4500
003 Ost
005 20260507075647.0
008 260507s9999||||xx |||||||||||||| ||und||
040 _cfsecg
041 _aara
082 _a658.15
100 _aصبح، محمود
_eمؤلف
245 0 _aالإدارة المالية طويلة الأجل :
_bثلاث قرارات محورية لتعظيم ثروة المساهمين /
_c محمود صبح
260 _aالقاهرة:
_bالبيان للطباعة والنشر,
_c2000
300 _a288 صفحة؛
_bإيضاحات ؛
_c24 سم
520 _aطبيعة الإدارة المالية- المخاطر والعائد- التقسيم وقيمة الاوراق المالية- تكلفة الأموال- تخطيط الإستثمارات الرأسمالية- هيكل التمويل- سياسة توزيع الارباح- التمويل طويل الأجل.
653 _aالإدارة المالية
653 _aالإستثمار
653 _aالتمويل
942 _cكتاب
999 _c45513
_d45513